000 00310nam a22001337a 4500
008 181030b xxu||||| |||| 00| 0 eng d
020 _a0809314147
041 _aeng
080 _a101
100 _a24
101 _aFIL
245 _aEssays on China, Japan, and the War 1918-1919
_cDewey, J
942 _2udc
_cBK
999 _c51111
_d51111